MDQL
is popping MORE tags! Check the
thread
!
Quizzes
Events
Quiz Creation
Community
Videos
Private Events
Remove Ads
Sign In
Join for FREE
Feedback
Dark Mode
Quiz Categories
Sports
Geography
Music
Movies
Television
Just For Fun
Miscellaneous
History
Literature
Language
Science
Gaming
Entertainment
Religion
Holiday
For Kids
Quiz Lab
Recent
Popular Today
Quiz Kudos Today
Editor Picks
Curator Picks
Quizzes by...
Day
Popularity
Type
Ratings
Length
Year
Community
Subscriptions
Recent Discussions
Orange Saloon
Badges
Playlists
Quests
Create
Leaderboards
Showdown
Live 5
Trivia Bingo
Activity
Puzzle Library
Sporcle Events
Private Events
Virtual Trivia
Globe League
Become a Host
Pub Owners
SporcleCon
Opinionation
Our Games
Videos
Blog
Mobile Apps
Partnerships
Remove Ads and Go Orange
Feedback
Movies
Disney
Marvel Cinematic Universe
Movie Resume
Movie Titles
Oscar
Actor
Actress
Director
Pixar
Role
Movie Quotes
Movie Characters
Box Office
Nominee
Best Picture
Star Wars
James Bond
Horror Movies
Movies
Disney
Marvel Cinematic Universe
Movie Resume
Movie Titles
Oscar
Actor
Actress
Director
Pixar
Role
Movie Quotes
Movie Characters
Box Office
Nominee
Best Picture
Star Wars
James Bond
Horror Movies
Random Quiz
Search Sporcle
×
Quiz Lab
Quiz Lab
Movies
Director
Type in answers that appear in a list
Type in answers that appear in a list
Classic
Best Score? Go Orange.
'D' Movies By Picture (Horror) Stats
Can you name the
By
bububu2
15m
25 Questions
157 Plays
157 Plays
157 Plays
Comments
Comments
Give Quiz Kudos
Give Quiz Kudos
-
- Ratings
hide this ad
Replay
Link that replays current quiz
Next Quiz
Link to next quiz in quiz playlist
You Got
0%
They Got
Avg Score
41%
Avg Friend Score
Upgrade to see
Score Distribution
Jump to the score distribution portion of the page
Score
0/25
Timer
15:00
0
Plays Today
YEAR
Answer
% Correct
1931
Dracula
97.5%
2012
Dark Shadows
80.9%
1978
Dawn of the Dead
75.2%
2005
The Devil's Rejects
73.9%
1985
Day of the Dead
71.3%
1999
Deep Blue Sea
69.4%
2005
The Descent
69.4%
2009
Drag Me to Hell
67.5%
1941
Dr. Jekyll and Mr. Hyde
57.3%
1979
The Driller Killer
47.8%
1996
The Dentist
40.8%
2002
Dark Water
36.9%
1993
Dollman vs. Demonic Toys
35%
YEAR
Answer
% Correct
1992
Dr. Giggles
33.8%
2010
Dylan Dog: Dead of Night
26.8%
1963
Dementia 13
26.1%
2013
Dark Skies
25.5%
2010
Don't be Afraid of the Dark
24.8%
1994
Dellamorte Dellamore
19.1%
1977 made (2003 released)
Death Bed: The Bed That Eats
15.9%
1984
Don't Open Till Christmas
12.1%
2011
Detention
12.1%
1981
Don't Go in the Woods
11.5%
1980
Don't Answer the Phone!
10.2%
2007
The Deaths of Ian Stone
1.9%
Quiz Playlist
Details
Report
Send in Message
Add To Playlist
Classic:
Type in answers that appear in a list
Last Updated: Feb 16, 2017
Quiz Scoreboard
CHALLENGE
Sign Up to Join the Scoreboard
Show All
Scores
Hide
Comments
May contain spoilers
Recently Published
1-10 Letter E Words III
by El_Dandy
Language
2m
Street Fighter Characters
by Artimus82
Gaming
60s
College Basketball Coaching Resumes
by pancakes188
Sports
9m
More to Explore
Quiz From the Vault
Featured Blog Post
Where Did the Easter Bunny Come From?
hide this ad
You Might Also Like...
Tags
Director Quiz
horror
Today's Top Quizzes in Movies
Browse Movies
hide this ad
Today's Top Quizzes in Director
Browse Director
Top Contributed Quizzes in Movies
1
Pick 5 Posters: Directed by Spielberg
2
7-to-1: Pixar Characters
3
Hidden Star Wars Character II
4
Hidden Star Wars Character III
5
Pick 5 Posters: Lowest-Rated Spielberg
6
Sorting Actresses
7
Sorting Actors
8
Hidden Star Wars Character IV
9
Hidden Star Wars Character V
10
Pick 5 Posters: Directed by Scorsese
Explore More
Trending Topics
NBA
Harry Potter
Anime
Crossword
Disney
Marvel
Kpop
Country
The Office
NFL
Soccer
Song
Puzzle
WWE
Pokémon
hide this ad
More By:
bububu2
Quiz
Plays
Rating
Category
Featured
Created
100 Ultimate Horror Movies (My Opinion)
1,285
4.00
Movies
Aug 14, 2013
Lesser Known 80's Horror Movies
560
4.33
Movies
Aug 2, 2013
A-Z Horror Movie Pictures (Hard)
505
4.86
Movies
Aug 8, 2013
5 Best Horror Movies Each Year From 1996-2000(PICS)
494
3.88
Movies
Apr 3, 2014
5 Best Horror Movies Each Year From 1980-1985 (PICS)
484
4.00
Movies
Mar 14, 2014
Go to Creator's Profile
Score Distribution
Quiz Creator Spotlight
bububu2
Follow
Send a Message
Quizzes Created
-
Created Quiz Play Count
-
More By This Creator
Popular Quizzes Today
1
Find the US States - No Outlines Minefield
2
Find the Countries of Europe - No Outlines Minefield
3
The Countries of the World
4
Find the US States
5
Risky Map Clicking: Biggest States A-Z
6
US States
7
Popular People in 1961
8
Movies - When Are They Set?
More Movies Quizzes
Top Grossing A-Z: Liam Neeson
Quiz Lab
Trending Quizzes
Risky Map Clicking: Least Populous States A-Z
1-10 Letter G Words
1-10 Letter F Words
Countries of the World: 200 Million BC
Risky Map Clicking: Next State Alphabetically
Recently Updated
Beyoncé Albums
pecheneg
Leaping Animals
pecheneg
Reality TV Shows (A-Z)
bhenderson79
Rickey Henderson's Hall of Fame Teammates
pecheneg
Champions League XIs: Arsenal
pecheneg
Quick Pick: Celebrities in WWE's Hall of Fame
aduchscher
A-Z Keypad Blitz II
pecheneg
Multiple Oscar Actors
pecheneg
Mystery Phrase Blitz: Oscar 'Best Actors'
pecheneg
F. Scott Fitzgerald Novels
LTH
Trending Topics
Disney
Anime
Kpop
Harry Potter
Marvel
NBA
Crossword
Puzzle
The Office
WWE
Country
Song
NFL
Pokémon
Soccer
Your Account Isn't Verified!
In order to create a playlist on Sporcle, you need to verify the email address you used during registration. Go to your
Sporcle Settings
to finish the process.
Report this User
Report this user for behavior that violates our
Community Guidelines
.
Details:
Send Report
Go to the Sporcle.com Mobile Site →
Comments